مكتبة جامعة عجلون الوطنية

فهرس بحث المكتبة

Normal view MARC view
  • الشاذلية- طرق صوفية

Entry Topical Term

Number of records used in: 1

001 - CONTROL NUMBER

  • control field: 40829

003 - CONTROL NUMBER IDENTIFIER

  • control field: JO-AjAnu

005 - DATE AND TIME OF LATEST TRANSACTION

  • control field: 20230606080801.0

008 - FIXED-LENGTH DATA ELEMENTS

  • fixed length control field: 230606|| aca||aabn | a|a d

040 ## - CATALOGING SOURCE

  • Original cataloging agency: JO-AjAnu
  • Transcribing agency: JO-AjAnu

150 ## - HEADING--TOPICAL TERM

  • Topical term or geographic name entry element: الشاذلية- طرق صوفية

670 ## - SOURCE DATA FOUND

  • Source citation: Work cat.: (JO-AjAnu)20926: نجا، مصطفى بن محيي الدين, author 40828, كتاب كشف الاسرار لتنوير الأفكار في الطريقة وشرح الوظيفة الشاذلية اليشرطية